00664nam a2200169Ia 4500008004100000020001800041041000800059082001600067100001900083245013600102250000600238260004800244300001400292650003300306999001900339952013600358210716s1997 xx 000 0 und d a9780521670357 aeng a005.73 GUSD aGusfield, Dan. aAlgorithms on strings trees and sequences: computer science and computational biology.bComputer science and computational biology. a1 aAustraliabCambridge University Pressc1997 axviii,534 aData Structures & Algorithms c189598d189598 001040708MCAaAIMITbAIMITeHigginbothams Pvt Ltdg495.00l0o005.73 GUSDpMCA09106r2026-05-23 00:00:00v371.25w2021-07-16yBK